| 000 | 00641nam a22002171 4500 | ||
|---|---|---|---|
| 001 | 24761 | ||
| 003 | ES-SlBC | ||
| 005 | 20210327223948.0 | ||
| 008 | 950725s1971 sp spa | ||
| 016 | 7 |
_abimoBNE19994994444 _zIND9500649784 _2SpMaBN |
|
| 017 |
_aBI 2048-1971 _bOficina Depósito Legal Vizcaya |
||
| 040 |
_aSpMaBN _bspa _cA2 _dES-SlBC |
||
| 080 | 0 | _a264.02-12 | |
| 110 | 2 |
_aIglesia Católica _91889 |
|
| 245 | 1 | 0 |
_aNuevo misal de domingos y fiestas _b : (Ciclo A) |
| 260 | 0 |
_a[Bilbao] : _bEdit. Cantabrica _c, [1971] |
|
| 300 |
_a494 p. ; _c16 cm |
||
| 650 |
_aMisales _917908 |
||
| 655 | 7 |
_aMisales _917908 |
|
| 942 |
_2lcc _cBK |
||
| 999 |
_c447198 _d447198 |
||